000 00523nam a2200193Ia 4500
003 GCL
008 140319s9999 xx 000 0 ara d
040 _aGCL /
_cGCL
082 0 4 _a189.1
_bف م
100 1 _aفاروق سعد
245 1 0 _aمع الفارابى والمدن الفاضلة /
_cفاروق سعد
300 _a150 ص
490 _a
650 0 4 _aالفلسفة الاسلامية
650 0 4 _aالفلسفة
650 0 4 _aالفارابى
650 0 4 _aالمدن الفاضلة
942 _2ddc
_cBK
999 _c39770
_d39770